| 000 | 00483cam a2200181I 4500 | ||
|---|---|---|---|
| 020 | _a3540101616 | ||
| 040 | _cDGW | ||
| 082 | _a581 SPR 1980 A080 Or. | ||
| 245 | 0 | 0 | _aHormonal regulation of development; |
| 260 |
_aBerlin, _aNew York, _bSpringer-Verlag, _c1980-85 |
||
| 300 |
_a3 v. _billus. _c25 cm |
||
| 490 | 1 | _aEncyclopedia of plant physiology ; | |
| 650 | 0 | _aPlant hormones | |
| 650 | 0 | _aPlant regulators | |
| 700 | 1 | _aMacMillan, J | |
| 700 | 1 | _aBearder, J. R | |
| 942 | _cEK | ||
| 999 |
_c15544 _d15544 |
||